La Geografía y los modelos socioeconómicos / Richard J. Chorley, Peter Haggett ; [traducción española dirigida por: Carlos Ferrán Alfaro] Carlos Ferrán Alfaro]
Descripción Física:
437 p. : gràfics ; 21 cm
Colección:
Nuevo Urbanismo ; 2
Materias:
Geografia -- Models matemàtics
MARC
| LEADER | 00000nam a2200000Ia 4500 | ||
|---|---|---|---|
| 001 | 18783 | ||
| 008 | 160829s1971 xx 000 0 cat d | ||
| 080 | |a M-5-396 | ||
| 100 | |a Chorley, Richard J. |9 45979 | ||
| 245 | |a La Geografía y los modelos socioeconómicos / Richard J. Chorley, Peter Haggett ; [traducción española dirigida por: |b Carlos Ferrán Alfaro] | ||
| 260 | |a Madrid : |b Instituto de Estudios de Administración Local, |c 1971 | ||
| 300 | |a 437 p. : |b gràfics ; |c 21 cm | ||
| 490 | |a Nuevo Urbanismo ; 2 | ||
| 590 | |a Bibliografia. | ||
| 590 | |a Títol original: Socio-economic models in geography | ||
| 650 | |a Geografia |x Models matemàtics |9 45980 | ||
| 700 | |a Haggett, Peter |9 45981 | ||
| 700 | 1 | |a Ferrán Alfaro, Carlos |9 45982 | |
| 710 | 2 | |a Instituto de Estudios de Administración Local (Espanya) |9 54775 | |
| 901 | |a Arxiu | ||
| 942 | |n 1 | ||
| 952 | |0 0 |1 0 |4 0 |6 M5396 |7 1 |9 52916 |a Arxiu |b Arxiu |d 2016-12-01 |l 0 |o M-5-396 |p 18783 |r 2016-12-01 00:00:00 |w 2016-12-01 |y ARXIU | ||
| 999 | |c 56765 |d 56765 | ||